000 00893nam a2200241 a 4500
001 000015562
005 20200929164058.0
008 100212s2009 dr ab r 001 0 spa d
020 _a9789945163254
040 _aDO-SdBNP
_bspa
_cBNPHU
082 _a228
_bB248a,2009
100 1 _aBaret, Víctor
_935108
245 1 0 _aApocalipsis :
_bla consumación del misterio de Dios /
_cVíctor Baret ; prólogo Rick Olivera.
260 _aSanto Domingo :
_bBúho,
_c2009.
300 _a239 p. :
_bil., map. ;
_c22 cm.
500 _aIncluye datos biográficos del autor en la contracubierta de la portada.
504 _aBibliografía : p. 237-239.
590 _aInventariado, 2018/BT
650 4 _aBiblia-n.t.
_xApocalipsis
_xCrítica, interpretación, etc.
_935109
650 4 _aSimbolismo en la biblia
_91850
700 1 _aOlivera, Rick,
_epról.
_935110
910 _aValidado. Control de calidad. EMS
999 _c15118
_d15118